Manchester United Players - Statistics

General Stats
  • This quiz has been taken 19 times
  • The average score is 15 of 16
Answer Stats
Picture Answer % Correct
Cristiano Ronaldo
100%
David Beckham
100%
David de Gea
100%
Nemanja Vidić
100%
Paul Pogba
100%
Wayne Rooney
100%
Zlatan Ibrahimovic
100%
Antony Martial
93%
Bruno Fernandes
93%
Kobbie Mainoo
93%
Luke Shaw
93%
Patrice Evra
93%
Roy Keane
93%
Gary Neville
86%
Matheus Cunha
86%
Antonio Valencia
79%
No matching quizzes found
Score Distribution
Percent of People with Each Score
Percentile by Number Answered
Your Score History
You have not taken this quiz